[Event "1st OHRA Open"]
[Site "Amsterdam NED"]
[Date "1982.07.07"]
[Round "1"]
[White "Short, Nigel David"]
[Black "Boersma, Paulus"]
[Result "1-0"]
[WhiteElo "2485"]
[BlackElo "2355"]
[EventDate "1982.07.07"]
[PlyCount "90"]

1.e4 c6 2.c4 e5 3.Nf3 f5 4.exf5 e4 5.Nd4 Qf6 6.Nc2 Qxf5 7.Nc3 Nf6 8.d4 Na6
9.Be2 Be7 10.g4 Qe6 11.g5 Ng8 12.d5 Qe5 13.Qd4 Qxd4 14.Nxd4 Nc5 15.Be3 h6 
16.Nf5 Nd3+ 17.Bxd3 exd3 18.gxh6 Nxh6 19.Nxg7+ Kf7 20.Bxh6 d6 21.Be3 Kxg7 
22.Kd2 Bf5 23.a4 Rh4 24.Rhg1+ Kf7 25.Rg3 Rah8 26.b3 a6 27.Rag1 Bf6 28.Rf3 
R8h5 29.Rg2 Bd8 30.Bf4 cxd5 31.cxd5 Be7 32.Rg1 Rg4 33.Rxg4 Bxg4 34.Rxd3 
Rf5 35.Rd4 Bf6 36.Rb4 Bxc3+ 37.Kxc3 b5 38.axb5 axb5 39.Bxd6 Be2 40.Rf4 Kg6
41.Rxf5 Kxf5 42.Kd4 Bd1 43.b4 Bf3 44.Kc5 Be2 45.Bg3 Kf6 1-0

[Event "1st OHRA Open"]
[Site "Amsterdam NED"]
[Date "1982.07.07"]
[Round "1"]
[White "Van Wijgerden, Cornelis"]
[Black "Grooten, Herman"]
[Result "1-0"]
[WhiteElo "2425"]
[BlackElo "2305"]
[EventDate "1982.07.07"]
[PlyCount "115"]

1.e4 c5 2.Nc3 d6 3.Nge2 Nf6 4.g3 Nc6 5.Bg2 e6 6.O-O Be7 7.d3 O-O 8.h3 Rb8 
9.f4 Qc7 10.g4 b5 11.Ng3 b4 12.Nce2 d5 13.g5 Ne8 14.exd5 exd5 15.f5 Bd6 
16.Nf4 Qd8 17.h4 Nd4 18.f6 gxf6 19.Ngh5 Qe7 20.c3 bxc3 21.bxc3 fxg5 22.
hxg5 Qxg5 23.cxd4 Bg4 24.Qe1 Bxh5 25.Ne6 Qg4 26.Nxf8 Kxf8 27.dxc5 Bxc5+ 
28.Be3 Bd6 29.Qf2 Be5 30.d4 Bg3 31.Qf5 Qh4 32.Qh3 Qxh3 33.Bxh3 Bg6 34.Bf4 
Bxf4 35.Rxf4 Rb2 36.Bg2 Nc7 37.Rf2 Rb4 38.Rc1 Nb5 39.Rc8+ Kg7 40.Rb8 a6 
41.Rf4 Ra4 42.Bxd5 Nc3 43.Bb3 Rxa2 44.Bxa2 Ne2+ 45.Kf2 Nxf4 46.Ke3 Ng2+ 
47.Kf3 Ne1+ 48.Kf4 Nc2 49.d5 Ne1 50.Bc4 Kf6 51.Rb6+ Ke7 52.Bxa6 Bd3 53.Bc8
Ng2+ 54.Ke5 Ne3 55.Rb7+ Kd8 56.Bh3 Nc4+ 57.Kd4 Be2 58.d6 1-0

[Event "1st OHRA Open"]
[Site "Amsterdam NED"]
[Date "1982.07.07"]
[Round "1"]
[White "Van der Wiel, John"]
[Black "Hess, Ralf"]
[Result "1-0"]
[WhiteElo "2520"]
[BlackElo "2370"]
[EventDate "1982.07.07"]
[PlyCount "67"]

1.e4 e5 2.Nf3 Nc6 3.Bb5 a6 4.Ba4 Nf6 5.O-O Be7 6.Re1 b5 7.Bb3 O-O 8.d4 d6 
9.c3 Nd7 10.Nbd2 Na5 11.Bc2 c5 12.dxc5 dxc5 13.Nf1 f6 14.Ne3 Nb6 15.Qe2 
Ra7 16.h4 Be6 17.h5 Re8 18.Nh4 Bf8 19.Qf3 b4 20.Rd1 Rd7 21.Rxd7 Qxd7 22.h6
Rd8 23.hxg7 Qxg7 24.Nef5 Qf7 25.Be3 Nbc4 26.Bxc5 Kh8 27.Bxb4 Bxb4 28.cxb4 
Nc6 29.b3 Nxb4 30.Rd1 Rg8 31.Nh6 Qg7 32.Nxg8 Nxc2 33.bxc4 Bg4 34.Rd8 1-0

[Event "1st OHRA Open"]
[Site "Amsterdam NED"]
[Date "1982.07.07"]
[Round "1"]
[White "Kuijf, Hans"]
[Black "King, Daniel John"]
[Result "1/2-1/2"]
[WhiteElo "2310"]
[BlackElo "2430"]
[EventDate "1982.07.07"]
[PlyCount "99"]

1.e4 c5 2.Nf3 Nc6 3.d4 cxd4 4.Nxd4 Nf6 5.Nc3 e5 6.Ndb5 d6 7.Bg5 a6 8.Na3 
b5 9.Bxf6 gxf6 10.Nd5 f5 11.Bd3 Be6 12.Qh5 Bg7 13.O-O f4 14.c4 bxc4 15.
Bxc4 O-O 16.Rac1 Rb8 17.b3 Qd7 18.Bd3 Kh8 19.Nc4 Nd4 20.Na5 Rfc8 21.Qh4 
Rxc1 22.Rxc1 Rc8 23.Rxc8+ Qxc8 24.Nc4 f3 25.Kh1 h6 26.gxf3 Nxf3 27.Qg3 Nd4
28.Nce3 Qc1+ 29.Kg2 a5 30.Qh4 Qc8 31.Bc4 Qg8 32.Kh1 Bf8 33.Qg3 Qxg3 34.
hxg3 f5 35.exf5 Nxf5 36.Nb6 Nxe3 37.fxe3 Bf5 38.Bd5 Be7 39.Nc4 Bb1 40.a4 
Bd8 41.Nxd6 Bc7 42.Nc4 Bd3 43.Nd2 Bb6 44.e4 Kg7 45.Kg2 Be3 46.Nf3 Kf6 47.
Ne1 Be2 48.Nc2 Bc5 49.Bc4 Bd1 50.Ne1 1/2-1/2

[Event "1st OHRA Open"]
[Site "Amsterdam NED"]
[Date "1982.07.07"]
[Round "1"]
[White "Ligterink, Gert"]
[Black "Borm, Franciscus"]
[Result "1/2-1/2"]
[WhiteElo "2465"]
[BlackElo "2330"]
[EventDate "1982.07.07"]
[PlyCount "95"]

1.c4 e6 2.Nf3 Nf6 3.g3 d5 4.Bg2 c6 5.b3 Nbd7 6.Bb2 Bd6 7.O-O O-O 8.Nc3 Qe7
9.d4 Rd8 10.Qc2 dxc4 11.bxc4 e5 12.e3 exd4 13.exd4 Ba3 14.Rfe1 Qb4 15.Bxa3
Qxa3 16.Rab1 Nf8 17.d5 cxd5 18.cxd5 Nxd5 19.Nxd5 Rxd5 20.Ne5 Rc5 21.Qd2 
Qa5 22.Qe3 Bf5 23.Rbc1 Rxc1 24.Rxc1 Rc8 25.Rd1 Re8 26.Bd5 Be6 27.Bxb7 Bxa2
28.f4 f6 29.Ra1 fxe5 30.Qf2 Qb6 31.Qxb6 axb6 32.Rxa2 exf4 33.gxf4 Rb8 34.
Bd5+ Kh8 35.Kf2 Ng6 36.Ke3 Re8+ 37.Be4 Ne7 38.Ra7 Nd5+ 39.Kf3 Nf6 40.Bc6 
Rb8 41.Bb5 h6 42.Ra3 Rf8 43.Rd3 Nh5 44.Rd4 g5 45.Kg4 Rxf4+ 46.Rxf4 Nxf4 
47.h4 Ne6 48.Bc4 1/2-1/2

[Event "1st OHRA Open"]
[Site "Amsterdam NED"]
[Date "1982.07.07"]
[Round "1"]
[White "Kuijf, Marinus"]
[Black "Ree, Hans"]
[Result "1/2-1/2"]
[WhiteElo "2370"]
[BlackElo "2490"]
[EventDate "1982.07.07"]
[PlyCount "36"]

1.e4 e6 2.d4 d5 3.Nc3 Nf6 4.Bg5 Bb4 5.Ne2 dxe4 6.a3 Be7 7.Bxf6 Bxf6 8.Nxe4
O-O 9.g3 e5 10.Bg2 exd4 11.Nxf6+ Qxf6 12.Qxd4 Qe7 13.Qe4 Qxe4 14.Bxe4 Nd7 
15.O-O-O Nf6 16.Bg2 Bg4 17.Rd2 Rad8 18.Nc3 c6 1/2-1/2

[Event "1st OHRA Open"]
[Site "Amsterdam NED"]
[Date "1982.07.07"]
[Round "1"]
[White "Bohm, Hans"]
[Black "Jussupow, Artur"]
[Result "1/2-1/2"]
[WhiteElo "2385"]
[BlackElo "2555"]
[EventDate "1982.07.07"]
[PlyCount "24"]

1.d4 Nf6 2.c4 e6 3.Nc3 Bb4 4.Qc2 O-O 5.Bg5 d6 6.e3 Nbd7 7.Ne2 c5 8.O-O-O 
Qa5 9.a3 Bxc3 10.Nxc3 cxd4 11.Bxf6 Nxf6 12.Rxd4 Rd8 1/2-1/2

[Event "1st OHRA Open"]
[Site "Amsterdam NED"]
[Date "1982.07.07"]
[Round "1"]
[White "Meulders, Richard"]
[Black "Grunfeld, Yehuda"]
[Result "0-1"]
[WhiteElo "2350"]
[BlackElo "2480"]
[EventDate "1982.07.07"]
[PlyCount "84"]

1.d4 Nf6 2.c4 c5 3.d5 e6 4.Nc3 exd5 5.cxd5 d6 6.e4 g6 7.Bd3 Bg7 8.Nge2 O-O
9.O-O a6 10.a4 Nbd7 11.Bg5 Qc7 12.b3 Ne5 13.Bc2 Rb8 14.a5 b5 15.axb6 Qxb6 
16.h3 a5 17.Be3 Ba6 18.f4 Ned7 19.Ra4 Qc7 20.Qd2 Rfe8 21.Rfa1 Bxe2 22.Qxe2
Nb6 23.Nb5 Qd8 24.Kh2 Nfxd5 25.Rd1 Nxe3 26.Qxe3 Nxa4 27.bxa4 Bd4 28.Nxd4 
cxd4 29.Qxd4 Qc7 30.Bd3 Rb4 31.Qd5 Qc5 32.Bb5 Rexe4 33.Qxd6 Qxd6 34.Rxd6 
Rxf4 35.Ra6 Rxa4 36.Bxa4 Rxa4 37.Kg3 h5 38.h4 Rg4+ 39.Kh3 a4 40.Ra7 f5 41.
Rb7 Kf8 42.Ra7 Ke8 0-1

[Event "1st OHRA Open"]
[Site "Amsterdam NED"]
[Date "1982.07.08"]
[Round "2"]
[White "Sosonko, Gennadi"]
[Black "Van Wijgerden, Cornelis"]
[Result "1-0"]
[WhiteElo "2575"]
[BlackElo "2425"]
[EventDate "1982.07.07"]
[PlyCount "79"]

1.d4 f5 2.g3 Nf6 3.Bg2 d6 4.Nf3 g6 5.O-O Bg7 6.c4 O-O 7.Nc3 c6 8.b3 Qc7 9.
Ba3 a5 10.Rc1 Na6 11.d5 Bd7 12.Nd4 Nb4 13.Bb2 Rae8 14.a3 Na6 15.e3 e5 16.
dxe6 Bxe6 17.Nxe6 Rxe6 18.Nd5 Qd8 19.Nf4 Ree8 20.b4 axb4 21.axb4 Ne4 22.
Bxg7 Kxg7 23.Qd4+ Kg8 24.Rb1 Qf6 25.b5 Nac5 26.bxc6 bxc6 27.Rb6 Rc8 28.Ra1
Rf7 29.Qxf6 Rxf6 30.Ne2 Nd3 31.f4 d5 32.cxd5 cxd5 33.Bxe4 Rxb6 34.Bxd3 Re8
35.Kf2 Rbe6 36.Bb5 Rb8 37.Nd4 Reb6 38.Ra5 Kf7 39.h3 Kf6 40.Kf3 1-0

[Event "1st OHRA Open"]
[Site "Amsterdam NED"]
[Date "1982.07.08"]
[Round "2"]
[White "Ree, Hans"]
[Black "Bohm, Hans"]
[Result "1/2-1/2"]
[WhiteElo "2490"]
[BlackElo "2385"]
[EventDate "1982.07.07"]
[PlyCount "84"]

1.d4 e6 2.e4 d5 3.Nd2 Nf6 4.e5 Nfd7 5.f4 c5 6.c3 Nc6 7.Ndf3 cxd4 8.cxd4 g6
9.Bd3 a5 10.Ne2 Nb6 11.g4 h5 12.gxh5 Rxh5 13.Ng3 Rh3 14.Kf2 Bd7 15.Kg2 Rh8
16.h4 Qc7 17.h5 gxh5 18.Rxh5 Rxh5 19.Nxh5 O-O-O 20.Nf6 Nb4 21.Nxd7 Qxd7 
22.Be2 Be7 23.b3 Rg8+ 24.Kf2 a4 25.Bd2 a3 26.Qh1 Qe8 27.f5 Rh8 28.Qc1+ Kb8
29.f6 Bf8 30.Bf4 Na8 31.Qd2 Nc6 32.Bb5 Nc7 33.Bxc6 bxc6 34.Rg1 Kb7 35.Qc1 
Nb5 36.Bd2 Kb6 37.Rh1 Rxh1 38.Qxh1 c5 39.Qh8 Nxd4 40.Nxd4 cxd4 41.Bb4 Qc6 
42.Qxf8 Qc2+ 1/2-1/2

[Event "1st OHRA Open"]
[Site "Amsterdam NED"]
[Date "1982.07.08"]
[Round "2"]
[White "Jussupow, Artur"]
[Black "Van Baarle, John"]
[Result "1/2-1/2"]
[WhiteElo "2555"]
[BlackElo "2315"]
[EventDate "1982.07.07"]
[PlyCount "72"]

1.d4 Nf6 2.c4 e6 3.Nf3 c5 4.g3 cxd4 5.Nxd4 Nc6 6.Bg2 Bc5 7.Nc2 d5 8.cxd5 
Nxd5 9.O-O O-O 10.a3 a5 11.Bd2 e5 12.Nc3 Be6 13.Nxd5 Bxd5 14.Bg5 Qxg5 15.
Qxd5 Qe7 16.Rad1 Rad8 17.Qc4 Nd4 18.a4 Nxc2 19.Qxc2 b6 20.Bd5 Kh8 21.Bc4 
g6 22.e3 Kg7 23.b3 h5 24.Rxd8 Rxd8 25.Rd1 Rxd1+ 26.Qxd1 Qd6 27.Qf3 Qd7 28.
h4 Bb4 29.Kg2 Bc5 30.Qe4 Qd6 31.Qb7 Qe7 32.Qd5 Qf6 33.Kg1 Qf5 34.Qb7 Qb1+ 
35.Kg2 Qf5 36.Bd5 Qf6 1/2-1/2

[Event "1st OHRA Open"]
[Site "Amsterdam NED"]
[Date "1982.07.08"]
[Round "2"]
[White "Pliester, Leon"]
[Black "Ligterink, Gert"]
[Result "1-0"]
[WhiteElo "2300"]
[BlackElo "2465"]
[EventDate "1982.07.07"]
[PlyCount "57"]

1.d4 Nf6 2.c4 e6 3.Nc3 Bb4 4.e3 c5 5.Bd3 Nc6 6.a3 Bxc3+ 7.bxc3 b6 8.Ne2 
O-O 9.e4 Ne8 10.e5 Ba6 11.Ng3 cxd4 12.cxd4 Nxd4 13.Bb2 Nc6 14.Qh5 g6 15.
Qh6 d5 16.Rd1 d4 17.Be4 Qc7 18.Bxc6 Qxc6 19.Rxd4 f5 20.exf6 Nxf6 21.O-O 
Bxc4 22.Rfd1 Bd5 23.Rc1 Qd6 24.Rf4 e5 25.Nf5 gxf5 26.Rxf5 Ne4 27.Rg5+ Kf7 
28.Qg7+ Ke8 29.Rxe5+ 1-0

[Event "1st OHRA Open"]
[Site "Amsterdam NED"]
[Date "1982.07.08"]
[Round "2"]
[White "Borm, Franciscus"]
[Black "Kuijf, Hans"]
[Result "1/2-1/2"]
[WhiteElo "2330"]
[BlackElo "2310"]
[EventDate "1982.07.07"]
[PlyCount "85"]

1.e4 Nc6 2.Nf3 d6 3.d4 Nf6 4.Nc3 a6 5.h3 g6 6.Bf4 Bg7 7.e5 Nd7 8.Bc4 Nb6 
9.Bb3 Na5 10.O-O d5 11.Re1 Nxb3 12.axb3 h6 13.Qd2 Be6 14.Be3 Qd7 15.Ne2 g5
16.Nh2 O-O-O 17.Nc1 f6 18.exf6 exf6 19.Nd3 Bf5 20.Nc5 Qc6 21.Qe2 Rhe8 22.
c3 Bf8 23.Qh5 Nd7 24.b4 Nxc5 25.dxc5 Be4 26.Nf3 Bxf3 27.Qxf3 Re4 28.Qf5+ 
Qe6 29.Qxe6+ Rxe6 30.Bd4 Rde8 31.Rxe6 Rxe6 32.b5 Kb8 33.bxa6 bxa6 34.g4 
Be7 35.f3 Kb7 36.Kf2 Rc6 37.b4 Re6 38.Ra5 c6 39.Ra1 Bd8 40.Ra2 Bc7 41.Kg2 
Bd8 42.Kf2 Bc7 43.Kg2 1/2-1/2

[Event "1st OHRA Open"]
[Site "Amsterdam NED"]
[Date "1982.07.08"]
[Round "2"]
[White "King, Daniel John"]
[Black "Kuijf, Marinus"]
[Result "1-0"]
[WhiteElo "2430"]
[BlackElo "2370"]
[EventDate "1982.07.07"]
[PlyCount "67"]

1.e4 e6 2.d4 d5 3.Nd2 Nf6 4.e5 Nfd7 5.Ngf3 c5 6.c3 Nc6 7.Bd3 Qb6 8.O-O 
cxd4 9.cxd4 Nxd4 10.Nxd4 Qxd4 11.Nf3 Qb6 12.Qa4 Qb4 13.Qc2 Qc5 14.Qe2 Be7 
15.Be3 Qc7 16.Rac1 Qd8 17.Rc3 O-O 18.Qc2 f5 19.exf6 Nxf6 20.Bd4 Bd6 21.Ne5
Bd7 22.f4 Rc8 23.Nxd7 Qxd7 24.Bxf6 gxf6 25.Bxh7+ Kh8 26.Rff3 d4 27.Rh3 
Rxc3 28.bxc3 Rb8 29.Bf5+ Kg8 30.Rh7 d3 31.Bxd3 Bc5+ 32.Kh1 Qd6 33.Qe2 Kf8 
34.Qh5 1-0

[Event "1st OHRA Open"]
[Site "Amsterdam NED"]
[Date "1982.07.08"]
[Round "2"]
[White "Van Mil, Johannes"]
[Black "Short, Nigel David"]
[Result "0-1"]
[WhiteElo "2315"]
[BlackElo "2485"]
[EventDate "1982.07.07"]
[PlyCount "104"]

1.e4 e6 2.d4 d5 3.Nd2 c5 4.exd5 Qxd5 5.Ngf3 cxd4 6.Bc4 Qd6 7.O-O Nf6 8.Nb3
Nc6 9.Nbxd4 Nxd4 10.Nxd4 a6 11.a4 Qc7 12.b3 Bd6 13.h3 O-O 14.Bb2 Bd7 15.
Qe2 Rad8 16.Rad1 Bc8 17.Nf3 Qe7 18.Ne5 Bc7 19.Bd3 Rfe8 20.Qf3 Rd5 21.Rde1 
Bb6 22.Qf4 Bc7 23.Qh4 h6 24.Re3 Nd7 25.Qxe7 Rxe7 26.Nxd7 Rdxd7 27.Be5 Kf8 
28.Rfe1 Rd5 29.Bc4 Rxe5 30.Rxe5 Bxe5 31.Rxe5 Rc7 32.a5 Ke7 33.Bd3 Bd7 34.
h4 f6 35.Re3 g5 36.c4 e5 37.hxg5 hxg5 38.g3 g4 39.b4 Be6 40.c5 Rd7 41.f4 
gxf3 42.Be4 Bc4 43.Bxf3 Bb5 44.Kf2 Bc6 45.Rb3 f5 46.Be2 Rd2 47.Ke3 Ra2 48.
Bf1 Kf6 49.Rd3 Kg5 50.Rd8 Ra3+ 51.Rd3 Ra4 52.Rb3 Ra2 0-1

[Event "1st OHRA Open"]
[Site "Amsterdam NED"]
[Date "1982.07.08"]
[Round "2"]
[White "Langeweg, Christian"]
[Black "Iskov, Gert"]
[Result "1/2-1/2"]
[WhiteElo "2395"]
[BlackElo "2345"]
[EventDate "1982.07.07"]
[PlyCount "41"]

1.d4 Nf6 2.c4 g6 3.Nc3 Bg7 4.e4 d6 5.f3 O-O 6.Be3 e5 7.d5 c6 8.Qd2 cxd5 9.
cxd5 Nbd7 10.Bd3 Nh5 11.Nge2 f5 12.exf5 gxf5 13.O-O Nc5 14.Bc2 a5 15.a3 
Bd7 16.b4 Na6 17.Rab1 axb4 18.axb4 Qe8 19.Kh1 Rc8 20.Rb3 Nc7 21.Ra1 
1/2-1/2

[Event "1st OHRA Open"]
[Site "Amsterdam NED"]
[Date "1982.07.08"]
[Round "2"]
[White "Grunfeld, Yehuda"]
[Black "Van der Vliet, Fredrik"]
[Result "1-0"]
[WhiteElo "2480"]
[BlackElo "2390"]
[EventDate "1982.07.07"]
[PlyCount "81"]

1.e4 c5 2.Nf3 d6 3.d4 cxd4 4.Nxd4 Nf6 5.Nc3 a6 6.Bg5 e6 7.f4 b5 8.e5 dxe5 
9.fxe5 Qc7 10.Qe2 Nfd7 11.O-O-O Bb7 12.Nxe6 fxe6 13.Qh5+ g6 14.Qg4 Qxe5 
15.Bd3 Be7 16.Bxe7 Kxe7 17.Rhe1 h5 18.Qxg6 Qf4+ 19.Kb1 Qg4 20.Rxe6+ Qxe6 
21.Qg7+ Kd8 22.Qxh8+ Kc7 23.Qxh5 Bxg2 24.Bf5 Qe5 25.Qh7 Bc6 26.h4 Kb6 27.
Qg6 Qf6 28.Qg4 Qe5 29.Ne4 Ra7 30.Nd6 Rc7 31.h5 Ka7 32.h6 Nf6 33.Qb4 Ka8 
34.a3 Qh2 35.Qa5 Ra7 36.Nc8 Qh5 37.Nb6+ Kb7 38.Bc8+ Kc7 39.Na8+ Kxc8 40.
Rd8+ Kb7 41.Qb6+ 1-0

[Event "1st OHRA Open"]
[Site "Amsterdam NED"]
[Date "1982.07.08"]
[Round "2"]
[White "Hartoch, Robert"]
[Black "Van der Wiel, John"]
[Result "1/2-1/2"]
[WhiteElo "2390"]
[BlackElo "2520"]
[EventDate "1982.07.07"]
[PlyCount "32"]

1.e4 c5 2.f4 e6 3.Nc3 d5 4.d3 Nc6 5.Nf3 Nf6 6.Bd2 b6 7.e5 Ng8 8.g3 Nge7 9.
Bg2 Nf5 10.O-O h5 11.Ne2 Qd7 12.Qe1 Ba6 13.Qf2 Rc8 14.Rfe1 Be7 15.a3 g6 
16.Rad1 Kf8 1/2-1/2

[Event "1st OHRA Open"]
[Site "Amsterdam NED"]
[Date "1982.07.08"]
[Round "2"]
[White "Grooten, Herman"]
[Black "Said, Said Ahmed"]
[Result "0-1"]
[WhiteElo "2305"]
[BlackElo "2395"]
[EventDate "1982.07.07"]
[PlyCount "115"]

1.d4 Nf6 2.c4 e6 3.Nf3 d5 4.Bg5 Be7 5.Nc3 O-O 6.e3 b6 7.Qc2 Bb7 8.cxd5 
exd5 9.Bd3 Nbd7 10.O-O h6 11.Bf4 c5 12.Rac1 c4 13.Bf5 a6 14.Ne5 b5 15.a3 
Nb6 16.f3 Nc8 17.Qf2 Nd6 18.Bb1 Re8 19.Ne2 a5 20.g4 Nh7 21.Bg3 Nf8 22.Nf4 
b4 23.e4 dxe4 24.fxe4 f6 25.Nxc4 Nxe4 26.Bxe4 Bxe4 27.Rfe1 Bb7 28.h3 Rc8 
29.axb4 Bxb4 30.Rxe8 Qxe8 31.Kh2 Qe4 32.b3 Kh8 33.d5 a4 34.Qb6 Qe7 35.bxa4
Bd2 36.d6 Qd7 37.Rb1 Bxf4 38.Bxf4 Be4 39.Rb4 Ne6 40.Qe3 Qc6 41.Bg3 Bh1 42.
Qf2 Ng5 43.Nd2 Bd5 44.h4 Qc1 45.Rb1 Nf3+ 46.Qxf3 Qxd2+ 47.Qf2 Qd3 48.d7 
Rd8 49.Rc1 Rxd7 50.Rc8+ Kh7 51.Qf5+ Qxf5 52.gxf5 Be4 53.Rc5 Rd2+ 54.Kh3 
Bg2+ 55.Kg4 Rd4+ 56.Bf4 Rxa4 57.h5 Ra3 58.Kh4 0-1

[Event "1st OHRA Open"]
[Site "Amsterdam NED"]
[Date "1982.07.08"]
[Round "2"]
[White "Hess, Ralf"]
[Black "Donner, Jan"]
[Result "1/2-1/2"]
[WhiteElo "2370"]
[BlackElo "2430"]
[EventDate "1982.07.07"]
[PlyCount "22"]

1.e4 d6 2.d4 Nf6 3.Nc3 g6 4.Bc4 Bg7 5.Nf3 O-O 6.Qe2 Nfd7 7.Bg5 Nc6 8.Rd1 
Nb6 9.Bb3 Na5 10.h3 Nxb3 11.axb3 f6 1/2-1/2

[Event "1st OHRA Open"]
[Site "Amsterdam NED"]
[Date "1982.07.09"]
[Round "3"]
[White "Short, Nigel David"]
[Black "Sosonko, Gennadi"]
[Result "1/2-1/2"]
[WhiteElo "2485"]
[BlackElo "2575"]
[EventDate "1982.07.07"]
[PlyCount "47"]

1.e4 c6 2.c4 d5 3.exd5 cxd5 4.cxd5 Qxd5 5.Nc3 Qd6 6.d4 e6 7.Nf3 Nf6 8.Bd3 
Nc6 9.O-O Be7 10.Be3 O-O 11.Rc1 Rd8 12.a3 a6 13.Ne4 Nxe4 14.Bxe4 Bd7 15.d5
exd5 16.Qxd5 Qxd5 17.Bxd5 Be8 18.Be4 Bf6 19.b4 Bd7 20.h3 Rac8 21.Rfd1 Be8 
22.Bb6 Rxd1+ 23.Rxd1 g6 24.g3 1/2-1/2

[Event "1st OHRA Open"]
[Site "Amsterdam NED"]
[Date "1982.07.09"]
[Round "3"]
[White "Van Wijgerden, Cornelis"]
[Black "Van Mil, Johannes"]
[Result "1-0"]
[WhiteElo "2425"]
[BlackElo "2315"]
[EventDate "1982.07.07"]
[PlyCount "79"]

1.g3 d5 2.Bg2 Nf6 3.d3 c6 4.Nd2 g6 5.Ngf3 Bg7 6.O-O O-O 7.e4 a5 8.e5 Ne8 
9.Re1 a4 10.Nf1 Nc7 11.h4 c5 12.Be3 d4 13.Bd2 Nc6 14.Qc1 Be6 15.Bh6 Bd5 
16.N1h2 Qd7 17.h5 a3 18.b3 Nb4 19.Bxg7 Kxg7 20.Ng5 Bxg2 21.Kxg2 f6 22.
exf6+ exf6 23.Ne4 g5 24.Nf3 g4 25.Nh4 Qd5 26.Kg1 Ne6 27.Nd6 Ng5 28.c4 Qc6 
29.Qd2 Qxd6 30.Nf5+ Kh8 31.Qxg5 fxg5 32.Nxd6 Nxd3 33.Re7 Rxf2 34.Nf7+ Kg8 
35.Nh6+ Kf8 36.Rxh7 Re8 37.Nxg4 Rf7 38.Rxf7+ Kxf7 39.Rf1+ Kg7 40.Rf5 1-0

[Event "1st OHRA Open"]
[Site "Amsterdam NED"]
[Date "1982.07.09"]
[Round "3"]
[White "Pliester, Leon"]
[Black "King, Daniel John"]
[Result "1/2-1/2"]
[WhiteElo "2300"]
[BlackElo "2430"]
[EventDate "1982.07.07"]
[PlyCount "122"]

1.d4 Nf6 2.c4 e6 3.Nc3 Bb4 4.e3 d5 5.Bd3 O-O 6.Nf3 c5 7.O-O Nc6 8.cxd5 
exd5 9.Ne2 c4 10.Bb1 Re8 11.b3 cxb3 12.axb3 Qe7 13.Nf4 Bd6 14.Re1 Bg4 15.
h3 Bxf3 16.Qxf3 Nxd4 17.Qd1 Bxf4 18.Bd2 Bxe3 19.Rxe3 Qd6 20.Rxe8+ Rxe8 21.
Be3 Nc6 22.Bxa7 d4 23.Bd3 Nd5 24.Bc4 Nf4 25.Qf3 Ne6 26.Bb6 g6 27.h4 Qe7 
28.Bb5 Qxh4 29.Bxc6 bxc6 30.Qxc6 Rf8 31.Qf3 Qe7 32.Ba5 Rc8 33.Bd2 Kg7 34.
b4 Rc2 35.Qd3 Rb2 36.Ra6 Qd7 37.f4 Qd5 38.Kf1 Rb3 39.Qe2 d3 40.Qe5+ Qxe5 
41.fxe5 Rb2 42.Ke1 Nd4 43.Rd6 Nc2+ 44.Kf2 Na3 45.Rxd3 Nc4 46.Ke1 Nxd2 47.
Rxd2 Rxb4 48.Kf2 Kf8 49.Kf3 Ke7 50.g4 Ke6 51.Rh2 Kxe5 52.Rxh7 Rb3+ 53.Kg2 
Kf6 54.Rh8 Kg5 55.Rf8 f6 56.Rg8 Rb4 57.Kh3 Rc4 58.Rg7 Rc8 59.Kg3 Rh8 60.
Ra7 Re8 61.Rg7 Re3+ 1/2-1/2

[Event "1st OHRA Open"]
[Site "Amsterdam NED"]
[Date "1982.07.09"]
[Round "3"]
[White "Borm, Franciscus"]
[Black "Kuligowski, Adam"]
[Result "1/2-1/2"]
[WhiteElo "2330"]
[BlackElo "2450"]
[EventDate "1982.07.07"]
[PlyCount "88"]

1.e4 c5 2.Nf3 d6 3.d4 cxd4 4.Nxd4 Nf6 5.Nc3 a6 6.Be2 e5 7.Nb3 Be7 8.O-O 
O-O 9.f4 b5 10.a4 Qb6+ 11.Kh1 Bb7 12.Qd3 b4 13.Nd5 Nxd5 14.exd5 a5 15.Be3 
Qc7 16.Rad1 Nd7 17.fxe5 Nxe5 18.Qe4 g6 19.Nd4 f5 20.Qf4 Bxd5 21.Qg3 Be4 
22.Ne6 Qxc2 23.Rd2 Qxa4 24.Nxf8 Bxf8 25.Bf4 Qc6 26.Rdd1 Bg7 27.Rc1 Qb7 28.
Rfd1 Qe7 29.b3 Kh8 30.Bf1 Nf7 31.Bxd6 Nxd6 32.Qxd6 Qxd6 33.Rxd6 a4 34.bxa4
b3 35.Rcd1 Be5 36.Rd8+ Rxd8 37.Rxd8+ Kg7 38.Bc4 b2 39.Ba2 b1=Q+ 40.Bxb1 
Bxb1 41.a5 Bf6 42.Rd7+ Kh6 43.a6 Be4 44.a7 Bg5 1/2-1/2

[Event "1st OHRA Open"]
[Site "Amsterdam NED"]
[Date "1982.07.09"]
[Round "3"]
[White "Van Baarle, John"]
[Black "Van der Sterren, Paul"]
[Result "0-1"]
[WhiteElo "2315"]
[BlackElo "2465"]
[EventDate "1982.07.07"]
[PlyCount "86"]

1.Nf3 Nf6 2.d4 e6 3.c4 b6 4.e3 Bb7 5.Bd3 d5 6.O-O Bd6 7.Nc3 O-O 8.cxd5 
exd5 9.Ne5 c5 10.Bd2 Nc6 11.Nxc6 Bxc6 12.Rc1 c4 13.Bb1 b5 14.Ne2 Re8 15.
Ng3 b4 16.Nf5 Bf8 17.Qe1 a5 18.f3 g6 19.Ng3 Qb6 20.Qf2 Bg7 21.Kh1 Ra7 22.
h3 h5 23.Rfe1 a4 24.a3 bxa3 25.bxa3 Bf8 26.Rc3 Rb7 27.Bc2 Qd8 28.Bc1 Bd6 
29.Nf1 Bc7 30.Bd2 Ba5 31.Qh4 Bxc3 32.Bxc3 Nh7 33.Qg3 h4 34.Qf2 Qf6 35.Nh2 
Bd7 36.Ng4 Bxg4 37.hxg4 Kg7 38.Qg1 h3 39.gxh3 Qxf3+ 40.Qg2 Qxg2+ 41.Kxg2 
Rb3 42.Bxb3 axb3 43.e4 Ng5 0-1

[Event "1st OHRA Open"]
[Site "Amsterdam NED"]
[Date "1982.07.09"]
[Round "3"]
[White "Bohm, Hans"]
[Black "Kuijf, Hans"]
[Result "1/2-1/2"]
[WhiteElo "2385"]
[BlackElo "2310"]
[EventDate "1982.07.07"]
[PlyCount "109"]

1.d4 d5 2.c4 e6 3.Nf3 c6 4.cxd5 exd5 5.Qc2 Nf6 6.Nc3 Be7 7.Bg5 Nbd7 8.e3 
h6 9.Bh4 O-O 10.Bd3 Ne8 11.Bg3 Ndf6 12.O-O Nh5 13.Be5 Bg4 14.Rab1 f6 15.
Bg3 Nxg3 16.hxg3 Bxf3 17.gxf3 Nd6 18.a4 a5 19.b4 axb4 20.Rxb4 f5 21.Rfb1 
Qd7 22.Ne2 Bg5 23.Kg2 Ra7 24.Ng1 Rfa8 25.f4 Bf6 26.Nf3 g6 27.Ne5 Bxe5 28.
dxe5 Ne8 29.g4 Ng7 30.gxf5 Nxf5 31.Bxf5 gxf5 32.Kf3 Qf7 33.Ke2 Kh7 34.Qb2 
b5 35.Qc2 Rxa4 36.Rxa4 Rxa4 37.Qxc6 Ra2+ 38.Kd3 Ra3+ 39.Kd2 Ra2+ 40.Kd3 
Ra3+ 41.Kc2 Ra2+ 42.Rb2 Rxb2+ 43.Kxb2 Kg7 44.Qd6 h5 45.e6 Qf6+ 46.Kb3 h4 
47.Qxd5 h3 48.Kc2 b4 49.Qd7+ Kg8 50.e7 Qc3+ 51.Kd1 Qb3+ 52.Kc1 Qc3+ 53.Kd1
Qb3+ 54.Kd2 Qc3+ 55.Kd1 1/2-1/2

[Event "1st OHRA Open"]
[Site "Amsterdam NED"]
[Date "1982.07.09"]
[Round "3"]
[White "Said, Said Ahmed"]
[Black "Jussupow, Artur"]
[Result "1/2-1/2"]
[WhiteElo "2395"]
[BlackElo "2555"]
[EventDate "1982.07.07"]
[PlyCount "78"]

1.d4 Nf6 2.c4 e6 3.Nf3 c5 4.d5 exd5 5.cxd5 d6 6.Nc3 g6 7.Bf4 Bg7 8.Qa4+ 
Bd7 9.Qb3 Qc7 10.e4 Nh5 11.Be3 a6 12.a4 O-O 13.Be2 Bg4 14.h3 Bxf3 15.Bxf3 
Nf6 16.e5 dxe5 17.O-O Nbd7 18.Rfd1 Qd6 19.Qxb7 Rfc8 20.Be2 e4 21.Qb3 Bf8 
22.a5 Qe5 23.d6 Rcb8 24.Qa2 Bxd6 25.g3 Qe7 26.Rd2 Be5 27.Rad1 Ra7 28.Nd5 
Nxd5 29.Qxd5 Rxb2 30.Qxe4 Rxd2 31.Rxd2 Nf6 32.Qc6 Rc7 33.Qxa6 Kg7 34.Kg2 
c4 35.Bf3 c3 36.Rc2 Qb4 37.Bb6 Re7 38.Qd3 h5 39.Bd8 Re6 1/2-1/2

[Event "1st OHRA Open"]
[Site "Amsterdam NED"]
[Date "1982.07.09"]
[Round "3"]
[White "Donner, Jan"]
[Black "Iskov, Gert"]
[Result "1-0"]
[WhiteElo "2430"]
[BlackElo "2345"]
[EventDate "1982.07.07"]
[PlyCount "111"]

1.d4 Nf6 2.c4 g6 3.g3 Bg7 4.Bg2 O-O 5.Nc3 c5 6.d5 d6 7.Nf3 Na6 8.O-O Nc7 
9.a4 Rb8 10.Re1 b6 11.e4 a6 12.Bf1 Bd7 13.e5 Nfe8 14.h3 b5 15.b3 b4 16.Ne4
f5 17.exf6 Nxf6 18.Ra2 Nxe4 19.Rxe4 Bf5 20.Re1 Ne8 21.Rae2 Rb7 22.Bg5 Nf6 
23.Nh4 Bc8 24.Qc1 Qe8 25.Bg2 Qf7 26.Nf3 Kh8 27.Bh6 Bxh6 28.Qxh6 Ng8 29.Qd2
Qf6 30.Re3 Rb8 31.h4 h6 32.Nh2 Bd7 33.Bf3 Qg7 34.Bg4 Bf5 35.Bxf5 gxf5 36.
Rf3 Rf6 37.Rf4 Rbf8 38.Re3 a5 39.Nf1 Qf7 40.Qb2 Kh7 41.Qc2 Kh8 42.Qe2 Qg7 
43.Ref3 Qg6 44.Ne3 h5 45.Ng2 e5 46.dxe6 Rxe6 47.Re3 Rxe3 48.Qxe3 Nh6 49.
Rf3 Ng4 50.Nf4 Qf6 51.Qd2 Re8 52.Kg2 Ne5 53.Re3 Rg8 54.Qd5 Rg4 55.Nxh5 Qe7
56.Nf4 1-0

[Event "1st OHRA Open"]
[Site "Amsterdam NED"]
[Date "1982.07.09"]
[Round "3"]
[White "Grooten, Herman"]
[Black "Langeweg, Christian"]
[Result "1/2-1/2"]
[WhiteElo "2305"]
[BlackElo "2395"]
[EventDate "1982.07.07"]
[PlyCount "80"]

1.d4 Nf6 2.c4 e6 3.Nf3 Bb4+ 4.Nbd2 b6 5.e3 O-O 6.Bd3 Bb7 7.O-O d5 8.a3 Bd6
9.b4 c5 10.dxc5 bxc5 11.cxd5 exd5 12.bxc5 Bxc5 13.Nb3 Bd6 14.Bb2 Nbd7 15.
Rc1 Rb8 16.Re1 Ba8 17.Re2 Re8 18.Nbd4 Rxb2 19.Rxb2 Bxa3 20.Ra2 Bxc1 21.
Qxc1 Qb8 22.Qa3 Rc8 23.Qxa7 Nc5 24.Qxb8 Rxb8 25.Bc2 Nfd7 26.h4 g6 27.Ra5 
Bb7 28.Kh2 Ra8 29.Rb5 Ba6 30.Rb1 Rb8 31.Rd1 Rb2 32.Rd2 Nb6 33.Rd1 Nbd7 34.
Ne1 Ne5 35.Kg3 Kg7 36.Ra1 Bb7 37.Ra5 Ned7 38.Nef3 Kf6 39.Ng5 h6 40.Nh3 Ne6
1/2-1/2